000 00334nam a2200109Ia 4500
008 231129s9999||||xx |||||||||||||| ||spa||
020 _a1692-5726
082 _aR00229
245 0 _aSin fundamento: Revista Colombiana de Filosofí­a
264 _aPereira : Universidad Libre
942 _2ddc
_cBKS
999 _c24640
_d24640